Коментар върху Платоновия Пир за любовта (Запис номер 133195)
[ съкратено ]
| 000 -Лидер | |
|---|---|
| Контролно поле с фиксирана дължина | 01628nam a2200397 c 4500 |
| 003 - Код на организацията, давaща контролен номер | |
| Контролно поле | BLK |
| 005 - Дата и час на последна редакция | |
| Контролно поле | 20231017005214.0 |
| 008 - Елементи от данни с фиксирана дължина | |
| fixed length control field | 180409b bul|||||r ||||||| ||bul|| |
| 010 ## - Наследен системен номер | |
| LC control number | KNG00139085000 |
| 020 ## - Международен стандартен номер на книга ISBN | |
| Международен стандартен номер на книга ISBN | 954-8010-27-5 |
| -- | издат.: ГАЛ-ИКО |
| 040 ## - Източник на каталожния запис | |
| Идентификатор на билиотеката - собственик на записа | BLK |
| 041 ## - Код за език | |
| Код за езика на текст/звукозапис или на отделно заглавие | Български |
| Код за езика КДБФ | Български |
| 080 ## - УДК | |
| Текстов определител УДК | Платонизъм. Неоплатонизъм |
| УДК код - определител по УДК | 141.131 |
| УДК определител | |
| УДК - код + определител | 141.131 |
| 080 ## - УДК | |
| Текстов определител УДК | Любов. Дружба. Привързаност. Флирт |
| УДК код - определител по УДК | 177.6 |
| УДК определител | |
| УДК - код + определител | 177.6 |
| 100 1# - Редна дума - Автор | |
| Автор | Фичино, Марсилио |
| Авторска отговорност | първи автор |
| R(LIN) | 134302 |
| 139 ## - Редно поле | |
| Редна дума | Фичино, Марсилио |
| Авторски знак | Фич - Ф 58 |
| 245 10 - Сведения за заглавието | |
| Заглавие | Коментар върху Платоновия Пир за любовта |
| Редно поле (дума) | Марсилио Фичино; прев. от лат. Цочо Христов Бояджиев. |
| 257 ## - Страна на издаване | |
| Страна на създаване/издаване | Италия |
| 260 ## - Област на издателските данни | |
| -- | София |
| Име на издателя, разпространителя и проч. | ГАЛ-ИКО |
| Година на издаване | 1993 |
| 300 ## - Физическа характеристика | |
| Страници | 175 с. |
| Размери/Мащаб | 20 см |
| 380 ## - Жанр | |
| Жанр | Философия |
| 490 1# - СЕРИИ (Колекции) | |
| Име на серия | Философски ерос |
| 500 ## - Общи забележки | |
| Забележка | Ориг. загл. Commentarium Marsilii Ficini Florentini in Convivium Platonis, de amore / Marsilii Ficini. |
| 650 #4 - Допълнително описание по предмет – тема | |
| Основно описание – тема или топоним | Платонизъм |
| 9 (RLIN) | 166494 |
| 650 #4 - Допълнително описание по предмет – тема | |
| Основно описание – тема или топоним | Любов |
| 9 (RLIN) | 160853 |
| 653 ## - Ключова дума – ненормативна | |
| Ключова дума | платонизъм |
| 653 ## - Ключова дума – ненормативна | |
| Ключова дума | любов |
| 653 ## - Ключова дума – ненормативна | |
| Ключова дума | философия |
| 700 ## - Други автори (авторска отговорност) | |
| Лично име | Бояджиев, Цочо Христов |
| Дати, свързани с автора | 1951- |
| Автороска отговорност (Описва отношението между автора и произведението) | прев. от лат. |
| 9 (RLIN) | 390210 |
| 852 ## - Местоположение | |
| Форматна сигнатура | Цб 178985 |
| 856 4# - Електронен адрес и достъп | |
| Електронен формат | pdf - файл |
| Път до файла /url/ | |
| 856 4# - Електронен адрес и достъп | |
| Електронен формат | pdf - файл |
| Път до файла /url/ | |
| 942 ## - АРТИКУЛИ | |
| Вид на библиотечния материал | Книги |
| Скрит в OPAC | Не |
| 944 ## - СЪЗДАВАНЕ И РЕДАКЦИЯ на ЗАПИСА | |
| Създаване/Редакция | Създаване |
| Дата на регистрацията/редакция | 06.02.2013 |
| Статус, дата на статуса | CRON CRON |
| Служител, извършил регистрацията/редакцията | |
| 944 ## - СЪЗДАВАНЕ И РЕДАКЦИЯ на ЗАПИСА | |
| Създаване/Редакция | Редакция |
| Дата на регистрацията/редакция | 06.02.2013 |
| Статус, дата на статуса | 06.02.2013 - от С1,Р / 06.02.2013 |
| Служител, извършил регистрацията/редакцията | |
| 999 ## - СИСТЕМНИ КОНТРОЛНИ НОМЕРА | |
| Koha biblionumber | 133195 |
| Koha biblioitemnumber | 133195 |
| Код за отписване | Код за изгубен артикул | Източник на класификационната схема | Код за повреда | Коз за рестрикции | Код за отдаване | Артикулен № | Име на библиотеката - собственик | Име на библиотеката, в която се намира в момента | Статус (Текущо местоположение) | Дата на вписване в системата | Местоположение - отдел | Цена в лева | Инвентарен номер | Систематично азбучна сигнатура | Баркод | Номер на екземпляра | Цена в евро | Служебна бележка | Служебен тип на артикула |
|---|---|---|---|---|---|---|---|---|---|---|---|---|---|---|---|---|---|---|---|
| Не е изгубен | Universal Decimal Classification | Не е повреден | без рестрикции | ползва се в читалня | 217306 | Регионална библиотека "Любен Каравелов" Русе | Регионална библиотека "Любен Каравелов" Русе | Хранилище | 1993-01-01 | Хранилище | 1.23 | 586275 | Цб 178985 | 120000586275 | 1 | 0.63 | Дост: Dp Вид: Д N: стар фонд Дата: 01.01.1993 Дата инв: 18.08.2015 Бележки инв: Цб2015 | Книги | |
| Изтеглен | Не е изгубен | Universal Decimal Classification | Не е повреден | без рестрикции | заемане за дома | 217307 | Регионална библиотека "Любен Каравелов" Русе | Регионална библиотека "Любен Каравелов" Русе | Заемна - подръчен фонд | 1993-01-01 | Заемна - подръчен фонд | 2.45 | 585780 | П 14/Ф 58 | 585780 | 2 | 1.25 | Дост: Pk Вид: Ф N: стар фонд Дата: 01.01.1993 Дата инв: 01.02.2018 Бележки инв: П2018 | Книги |
| Изтеглен | Не е изгубен | Universal Decimal Classification | Не е повреден | без рестрикции | заемане за дома | 217308 | Регионална библиотека "Любен Каравелов" Русе | Регионална библиотека "Любен Каравелов" Русе | Заемна - подръчен фонд | 1993-01-01 | Заемна - подръчен фонд | 35.00 | 585781 | П 14/Ф 58 | 585781 | 3 | 17.90 | Дост: Pk Вид: Ф N: стар фонд Дата: 01.01.1993 Дата инв: 01.02.2018 Бележки инв: П2018 | Книги |